[Event "Santiago IRT 2 Escalerilla"]
[Site "Santiago de Chile"]
[Date "2018.07.12"]
[Round "3.6"]
[White "Campos Zambrano, Alexis Andres"]
[Black "Bulgarini Torre, Marco"]
[Result "0-1"]
[WhiteElo "1642"]
[BlackElo "1873"]
[PlyCount "76"]
[EventDate "2018.07.05"]
[EventType "swiss"]
[EventRounds "6"]
[EventCountry "CHI"]
[SourceTitle "EXT 2024"]
[Source "ChessBase"]
[SourceDate "2023.10.10"]
[SourceVersion "1"]
[SourceVersionDate "2023.10.10"]
[SourceQuality "1"]

1. Nf3 Nf6 2. c4 g6 3. Nc3 Bg7 4. g3 0-0 5. Bg2 d6 6. d4 Nc6 7. 0-0 a6 8. d5 Na5 9. Nd2 c5 10. a3 Ne8 11. Qc2 Bd7 12. Rb1 b5 13. b4 cxb4 14. Rxb4 Rc8 15. Qd3 Qc7 16. Bb2 bxc4 17. Qc2 Nf6 18. Rc1 Qa7 19. Ncb1 Ng4 20. e3 Bf5 21. Be4 Bxe4 22. Nxe4 Bxb2 23. Qxb2 Ne5 24. Rd1 Nd3 25. Rxd3 cxd3 26. Qd2 Nc4 27. Qxd3 Ne5 28. Qe2 Rc1+ 29. Kg2 Rfc8 30. Nbc3 R1xc3 31. Nxc3 Rxc3 32. Ra4 Qc5 33. Qxa6 Qxd5+ 34. e4 Qd1 35. Qa5 Qf3+ 36. Kh3 Kg7 37. Qd8 Ng4 38. e5 Nxf2+ 0-1

[Event "Santiago IRT 2 Escalerilla"]
[Site "Santiago de Chile"]
[Date "2018.07.09"]
[Round "2.10"]
[White "Donaire Perez, Roberto"]
[Black "Campos Zambrano, Alexis Andres"]
[Result "0-1"]
[WhiteElo "1735"]
[BlackElo "1642"]
[PlyCount "108"]
[EventDate "2018.07.05"]
[EventType "swiss"]
[EventRounds "6"]
[EventCountry "CHI"]
[SourceTitle "EXT 2024"]
[Source "ChessBase"]
[SourceDate "2023.10.10"]
[SourceVersion "1"]
[SourceVersionDate "2023.10.10"]
[SourceQuality "1"]

1. e4 c6 2. d4 d5 3. exd5 cxd5 4. Bd3 Nf6 5. Ne2 Bg4 6. f3 Bh5 7. 0-0 Nc6 8. c3 e6 9. Bg5 Be7 10. Nd2 0-0 11. Qc2 Bg6 12. Bxg6 hxg6 13. f4 Rc8 14. Rf3 Nh5 15. Bxe7 Qxe7 16. Rh3 Qf6 17. Rf1 Nxd4 18. Nxd4 Qxd4+ 19. Kh1 Qf6 20. Rhf3 Qf5 21. Qd1 Nf6 22. h3 Ne4 23. g4 Qf6 24. Nb3 g5 25. Qe1 gxf4 26. Rxf4 Qh6 27. Kh2 e5 28. Rf5 f6 29. Rh5 Qg6 30. Qh4 Ng5 31. Rh8+ Kf7 32. Rxf8+ Rxf8 33. Qg3 Kg8 34. Qg2 Rd8 35. Rd1 Qe4 36. Nc5 Qxg2+ 37. Kxg2 b6 38. Nb3 Ne6 39. Kg3 Nf4 40. h4 Kf7 41. h5 Rc8 42. Nc1 a5 43. Nd3 Nxd3 44. Rxd3 Ke6 45. b3 b5 46. Kh4 b4 47. cxb4 axb4 48. Rd2 d4 49. g5 Rc1 50. Rh2 fxg5+ 51. Kxg5 Rg1+ 52. Kh4 d3 53. Rd2 e4 54. Kh3 Ke5 0-1

[Event "Vina del Mar U2000 5th"]
[Site "Vina del Mar"]
[Date "2018.02.10"]
[Round "4.3"]
[White "Campos Zambrano, Alexis Andres"]
[Black "Silva Morales, Vicente"]
[Result "1-0"]
[WhiteElo "1628"]
[BlackElo "1309"]
[PlyCount "77"]
[EventDate "2018.02.09"]
[EventType "swiss"]
[EventRounds "5"]
[EventCountry "CHI"]
[SourceTitle "EXT 2024"]
[Source "ChessBase"]
[SourceDate "2023.10.10"]
[SourceVersion "1"]
[SourceVersionDate "2023.10.10"]
[SourceQuality "1"]

1. Nf3 c5 2. c4 e6 3. Nc3 Nf6 4. d4 cxd4 5. Nxd4 a6 6. Bg5 Be7 7. e3 d6 8. Be2 0-0 9. Bf3 Nbd7 10. 0-0 Ne5 11. Be2 Qc7 12. b3 Bd7 13. f4 Nc6 14. Rc1 Rfe8 15. Bxf6 Bxf6 16. Bf3 Rad8 17. Ne4 Be7 18. Qd2 Nxd4 19. exd4 Bc6 20. d5 exd5 21. cxd5 Qb6+ 22. Qf2 Qxf2+ 23. Nxf2 Bb5 24. Rfe1 Bf6 25. g3 Rxe1+ 26. Rxe1 Kf8 27. Ne4 Bd4+ 28. Kg2 h6 29. Rc1 Bd3 30. Nxd6 Rxd6 31. Rd1 Be2 32. Rxd4 Bxf3+ 33. Kxf3 Ke7 34. g4 Kd7 35. Ke4 Rg6 36. h3 Rf6 37. Ke5 Rd6 38. Rb4 Kc7 39. Rxb7+ 1-0